Statistics for Is There Someone Else? - The Weeknd Lyrics

Click here to take the quiz!

General Stats

  • This quiz has been taken 114 times
  • The average score is 180 of 194

Answer Stats

HintLyrics% Correct
Verse1 | Verse2I
100%
me
100%
you
100%
you,
100%
your
100%
be
99%
'Cause
99%
know
99%
the
99%
when
99%
else
97%
Is
97%
is
97%
or
97%
someone
97%
there
97%
to
97%
you're
97%
a
96%
Don't
96%
don't
96%
that
96%
wanna
96%
lose
95%
my
95%
not?
95%
something
95%
close
94%
If
94%
need
94%
Oh,
94%
spot
94%
from
92%
hiding
92%
keep
92%
him,
91%
want
90%
with
90%
ain't
88%
heart
88%
hurting
88%
That's
88%
for
86%
been
83%
better
83%
better,
83%
lying
83%
used
83%
And
82%
forever,
82%
forever
82%
who
82%
one
81%
see?
81%
swear
81%
think
79%
was
79%
day
78%
every
78%
felt
78%
it
78%
ways
78%
Baby,
77%
changed
77%
creepin'
77%
deserve
77%
fighting
77%
loyal
77%
Ooh,
77%
ooh,
77%
we're
77%
We're
77%
start
75%
prisoner
74%
give
73%
up
68%
look
65%
right
65%

Score Distribution

Percentile by Number Answered

Percent of People with Each Score

Your Score History

You have not taken this quiz